New York Knicks Leading Rebounder per year - Statistics

General Stats
  • This quiz has been taken 29 times
    15 since last reset
  • The average score is 36 of 77
Answer Stats
Year Player % Correct
2000 Patrick Ewing
100%
1999 Patrick Ewing
100%
1998 Patrick Ewing
100%
1997 Patrick Ewing
100%
1996 Patrick Ewing
100%
1995 Patrick Ewing
100%
1993 Patrick Ewing
100%
1992 Patrick Ewing
100%
1988 Patrick Ewing
100%
1987 Patrick Ewing
100%
1986 Patrick Ewing
100%
1994 Charles Oakley
91%
1991 Charles Oakley
91%
1990 Charles Oakley
91%
1989 Charles Oakley
91%
2024 Julius Randle
91%
2023 Julius Randle
91%
2022 Julius Randle
91%
2021 Julius Randle
91%
2020 Julius Randle
91%
2025 Karl-Anthony Towns
82%
1971 Willis Reed
82%
1970 Willis Reed
82%
1969 Willis Reed
82%
1968 Willis Reed
82%
1967 Willis Reed
82%
1966 Willis Reed
82%
1965 Willis Reed
82%
2016 Carmelo Anthony
73%
2015 Carmelo Anthony
73%
1974 Dave DeBusschere
73%
1973 Dave DeBusschere
73%
2011 Amar'e Stoudemire
64%
1984 Bill Cartwright
64%
1981 Bill Cartwright
64%
1980 Bill Cartwright
64%
1978 Bob McAdoo
55%
1977 Bob McAdoo
55%
2014 Tyson Chandler
55%
2012 Tyson Chandler
55%
2002 Marcus Camby
45%
2001 Marcus Camby
45%
1972 Jerry Lucas
36%
2017 Joakim Noah
36%
1982 Maurice Lucas
36%
2010 David Lee
27%
2007 David Lee
27%
2009 Zach Randolph
18%
2008 Zach Randolph
18%
1976 Spencer Haywood
9%
2019 DeAndre Jordan
0%
2013 Earl Barron
0%
2006 Eddie Curry
0%
2018 Enes Kanter
0%
1957 Harry Gallatin
0%
1956 Harry Gallatin
0%
1955 Harry Gallatin
0%
1954 Harry Gallatin
0%
1953 Harry Gallatin
0%
1951 Harry Gallatin
0%
1975 John Gianelli
0%
1964 Johnny Green
0%
1963 Johnny Green
0%
1962 Johnny Green
0%
2005 Kurt Thomas
0%
2004 Kurt Thomas
0%
2003 Kurt Thomas
0%
1979 Marvin Webster
0%
1952 Nat Clifton
0%
1986 Pat Cummings
0%
1985 Pat Cummings
0%
1984 Truck Robinson
0%
1983 Truck Robinson
0%
1961 Willie Naulls
0%
1960 Willie Naulls
0%
1959 Willie Naulls
0%
1958 Willie Naulls
0%
No matching quizzes found
Score Distribution
Percent of People with Each Score
Percentile by Number Answered
Your Score History
You have not taken this quiz since the last reset